Rhymes With 'Lunch' Quiz Stats

 Plays Quiz Updated Aug 26, 2018

Score 0/10 Timer 01:30
0 Plays Today
% Correct
munch
93%
bunch
92.4%
punch
91.9%
crunch
91%
hunch
88.5%
brunch
87.3%
clunch
38.5%
runch
35.6%
scrunch
19.7%
glunch
8.4%

You're not logged in!

Compare scores with friends on all Sporcle quizzes.
OR
Log In

Sporcle TV

Today on Sporcle TV


Watch our educational content, quiz creation guides, and fun videos on Sporcle TV.

Show Comments

Extras

Top Quizzes Today


Score Distribution

Your Account Isn't Verified!

In order to create a playlist on Sporcle, you need to verify the email address you used during registration. Go to your Sporcle Settings to finish the process.

Report this User

Report this user for behavior that violates our Community Guidelines.

Details: